000 00306nam a22001337a 4500
008 250325b |||||||| |||| 00| 0 eng d
020 _a0435901117
050 _aPR5572
_b.A54
100 _aANGIRA Jared
245 _aSilent Voices Poems
260 _aLondon
_bFokenham Press
300 _a84p.
942 _cBK
999 _c2701
_d2701